[Event "Titled Tuesday intern op 14th Jun Late"]
[Site "Chess.com INT"]
[Date "2022.06.14"]
[Round "4"]
[White "Jian, Alex"]
[Black "Gaisinsky, Adam"]
[Result "0-1"]
[WhiteElo "2055"]
[BlackElo "2115"]
[PlyCount "68"]
[EventDate "2022.06.14"]
[EventType "swiss (blitz)"]
[EventRounds "11"]
[EventCountry "USA"]
[SourceTitle "EXT 2023"]
[Source "ChessBase"]
[SourceDate "2022.10.05"]
[SourceVersion "1"]
[SourceVersionDate "2022.10.05"]
[SourceQuality "1"]

1. Nf3 d5 2. b3 Nf6 3. Bb2 c5 4. e3 e6 5. Ne5 Bd6 6. Bd3 Qc7 7. f4 Nbd7 8. Nxd7 Bxd7 9. 0-0 e5 10. fxe5 Bxe5 11. Bxe5 Qxe5 12. Nc3 0-0 13. h3 Rfe8 14. Kh1 Bc6 15. Rf5 Qd6 16. Qf1 Re5 17. Re1 Rae8 18. Ne2 b5 19. Rxe5 Rxe5 20. Qf4 c4 21. Bf5 g6 22. Bc8 Qe7 23. Nd4 Be8 24. Rf1 Ne4 25. Nf3 Rh5 26. Bg4 g5 27. Qf5 Ng3+ 28. Kg1 Nxf5 29. Bxf5 Bd7 30. Nd4 Bxf5 31. Nxf5 Qe5 32. Kh1 g4 33. Rf4 Rxf5 34. Rxg4+ Kf8 0-1

[Event "Titled Tuesday intern op 08th Mar Late"]
[Site "Chess.com INT"]
[Date "2022.03.08"]
[Round "1"]
[White "Golubka, Petr"]
[Black "Gaisinsky, Adam"]
[Result "1/2-1/2"]
[WhiteElo "2401"]
[BlackElo "2105"]
[PlyCount "117"]
[EventDate "2022.03.08"]
[EventType "swiss (blitz)"]
[EventRounds "11"]
[EventCountry "USA"]
[SourceTitle "CBM 207 Extra"]
[Source "ChessBase"]
[SourceDate "2022.05.31"]
[SourceVersion "1"]
[SourceVersionDate "2022.05.31"]
[SourceQuality "1"]

1. e4 e5 2. Bb5 Nf6 3. d3 c6 4. Ba4 Bc5 5. f4 d5 6. fxe5 Nxe4 7. dxe4 Qh4+ 8. Kd2 Qxe4 9. Qf3 Qxa4 10. Nc3 Qd4+ 11. Ke1 Qxe5+ 12. Nge2 0-0 13. Bf4 Qf6 14. Qg3 Nd7 15. Rf1 Qg6 16. Kd2 Qxg3 17. Nxg3 Nf6 18. h3 Re8 19. a3 Bb6 20. Na4 Be6 21. Nxb6 axb6 22. Bc7 b5 23. Rae1 Rac8 24. Be5 Nd7 25. Bf4 Nb6 26. b3 Ra8 27. Bd6 Nc8 28. Bb4 b6 29. Ra1 c5 30. Bc3 d4 31. Bb2 Nd6 32. Rf2 Bd5 33. Re1 Rxe1 34. Kxe1 Re8+ 35. Kf1 f6 36. Bc1 Ne4 37. Nxe4 Rxe4 38. Bf4 Kf7 39. h4 Ke6 40. g3 c4 41. Re2 Rxe2 42. Kxe2 cxb3 43. cxb3 Bxb3 44. Bc7 Kd5 45. Bxb6 Ke4 46. Ba5 Bc4+ 47. Kf2 h5 48. Bb4 g6 49. Be7 f5 50. Bg5 Kd3 51. Ke1 Kc2 52. Bf6 d3 53. Bg5 Kb2 54. Be7 Kb3 55. Kd2 Kb2 56. Bf8 Kb3 57. Be7 Kb2 58. Bf8 Kb3 59. Be7 1/2-1/2

[Event "Titled Tuesday intern op 08th Mar Late"]
[Site "Chess.com INT"]
[Date "2022.03.08"]
[Round "2"]
[White "Kosakowski, Jakub"]
[Black "Gaisinsky, Adam"]
[Result "1-0"]
[WhiteElo "2452"]
[BlackElo "2105"]
[PlyCount "63"]
[EventDate "2022.03.08"]
[EventType "swiss (blitz)"]
[EventRounds "11"]
[EventCountry "USA"]
[SourceTitle "CBM 207 Extra"]
[Source "ChessBase"]
[SourceDate "2022.05.31"]
[SourceVersion "1"]
[SourceVersionDate "2022.05.31"]
[SourceQuality "1"]

1. e4 e6 2. d4 d5 3. Nd2 c5 4. Ngf3 cxd4 5. Nxd4 Nc6 6. Bb5 Bd7 7. Nxc6 bxc6 8. Bd3 Bd6 9. Qe2 Qc7 10. Nf3 f6 11. 0-0 Ne7 12. c4 0-0 13. Be3 Kh8 14. Rac1 dxe4 15. Bxe4 f5 16. Bc2 Ng6 17. Rfd1 Rad8 18. Bg5 Rde8 19. Qd2 Nf4 20. Qxd6 Ne2+ 21. Kf1 Qxd6 22. Rxd6 Nxc1 23. Bxc1 Bc8 24. Ne5 Kg8 25. c5 Bb7 26. Bb3 Rf6 27. Bg5 Rff8 28. Rxe6 Rxe6 29. Bxe6+ Kh8 30. Nf7+ Kg8 31. Nd6+ Kh8 32. Nxb7 1-0